ბათუმის შოთა რუსთაველის სახელმწიფო უნივერსიტეტის ბიბლიოთეკა

სოლომონ დოდაშვილის მსოფლმხედველობის საკითხისათვის : (ბიბ.ჩანაწერი № 55126)

000 -ლიდერი
ფიქსირებული სიგრძის საკონტროლო ველი 01450nam a2200277Ia 4500
001 - საკონტროლო ნომერი
საკონტროლო ველი 22201
003 - საკონტროლო ნომრის იდენტიფიკატორი
საკონტროლო ველი GE_BSU
005 - ბოლო ოპერაციის თარიღი და დრო
საკონტროლო ველი 20221214151118.0
008 - ფიქსირებული სიგრძის მონაცემთა ელემენტები - ზოგადი ინფორმაცია
ფიქსირებული სიგრძის საკონტროლო ველი 181216s2014||||ge |||||||||||||| ||geo||
020 ## - წიგნის საერთაშორისო სტანდარტული ნომერი
International Standard Book Number ISBN:978-9941-0-7031-0
040 ## - კატალოგიზაციის წყარო
Transcribing agency GE_BSU
041 ## - ენის კოდი
Language code of text/sound track or separate title geo
080 ## - უნივერსალური ათობითი კლასიფიკაციის ინდექსი
Universal Decimal Classification number 1(479.22)(092დოდაშვილი ს.) კ-34
100 ## - მთავარი ჩანაწერი - პიროვნების სახელი
Personal name კაციტაძე, კახა
9 (RLIN) 16413
245 ## - ცნობა სათაურის შესახებ
Title სოლომონ დოდაშვილის მსოფლმხედველობის საკითხისათვის :
Remainder of title [კრებული] /
Statement of responsibility, etc კახა კაციტაძე ; რედ. დავით თევზაძე.
264 ## - წარმოების, გამოცემის, დისტრიბუციის და სხვა ცნობები
გამოცემის, წარმოების, დისტრიბუციის... ადგილი თბილისი :
გამოცემის, წარმოების, დისტრიბუციის... სახელწოდება Carpe diem, გამ-ბა ”[მერიდიანი],
გამოცემის, წარმოების, დისტრიბუციის... თარიღი 2014.
300 ## - ფიზიკური აღწერა
Extent 128 გვ. ;
Dimensions 16 სმ.
546 ## - LANGUAGE NOTE
Language note 1 სტატია გერმანულ ენაზე
653 ## - INDEX TERM--UNCONTROLLED
Uncontrolled term საზოგადოებრივი აზრის ისტორია საქართველოში
653 ## - INDEX TERM--UNCONTROLLED
Uncontrolled term სოლომონ დოდაშვილის მსოფლმხედველობის საკითხისათვის
653 ## - INDEX TERM--UNCONTROLLED
Uncontrolled term ფილოსოფია
653 ## - INDEX TERM--UNCONTROLLED
Uncontrolled term ქართველი ფილოსოფოსები
700 ## - ADDED ENTRY--PERSONAL NAME
Personal name თევზაძე, დავით
Relator term რედაქტორი
9 (RLIN) 4038
942 ## - ADDED ENTRY ELEMENTS (KOHA)
Koha item type წიგნი
Source of classification or shelving scheme
ეგზემპლარები
ჩამოწერის სტატუსი დაკარგული ეგზემპლარის სტატუსი კლასიფიკაციის წყარო ან თაროზე გაწყობის სქემა დაზიანების სტატუსი არ გაიცემა მუდმივი მდებარეობა (დაცვის ადგილი) ამჟამინდელი ადგილსამყოფელი თაროზე განთავსების ადგილი შეძენის თარიღი ღირებულება, შესყიდვის ნორმალური ფასი სრული შენახვის შიფრი შტრიხკოდი ბოლო ოპერაციის თარიღი ეგზემპლარის მიმდევრობითი ნომერი (კეტერი?) ფასის ძალაში შესვლის თარიღი ეგზემპლარის სახეობა საჯარო შენიშვნა
          ბათუმის შოთა რუსთაველის სახელმწიფო უნივერსიტეტის მთავარი ბიბლიოთეკა ბათუმის შოთა რუსთაველის სახელმწიფო უნივერსიტეტის მთავარი ბიბლიოთეკა წიგნსაცავი 2018-12-17 4.00 1(479.22)(092დოდაშვილი ს.) კ-34 57145 2018-12-17 57145 2018-12-17 წიგნი 4.00 ₾.
          ბათუმის შოთა რუსთაველის სახელმწიფო უნივერსიტეტის მთავარი ბიბლიოთეკა ბათუმის შოთა რუსთაველის სახელმწიფო უნივერსიტეტის მთავარი ბიბლიოთეკა წიგნსაცავი 2018-12-17 4.00 1(479.22)(092დოდაშვილი ს.) კ-34 57146 2018-12-17 57146 2018-12-17 წიგნი 4.00 ₾.
          ბათუმის შოთა რუსთაველის სახელმწიფო უნივერსიტეტის მთავარი ბიბლიოთეკა ბათუმის შოთა რუსთაველის სახელმწიფო უნივერსიტეტის მთავარი ბიბლიოთეკა წიგნსაცავი 2018-12-17 4.00 1(479.22)(092დოდაშვილი ს.) კ-34 57147 2018-12-17 57147 2018-12-17 წიგნი 4.00 ₾.